| 000 | 00540cam a2200169 i 4500 | ||
|---|---|---|---|
| 001 | 17637263 | ||
| 005 | 20250724164630.0 | ||
| 008 | 130225t20132013orua b 001 0 eng | ||
| 020 |
_a9780736944854 _qhardcover |
||
| 020 |
_a0736944850 _qhardcover |
||
| 050 | 0 | 0 |
_aBS480 _b.P645 2013 |
| 082 | 0 | 0 |
_a220.9/3 _223 |
| 245 | 0 | 4 |
_aThe popular handbook of archaeology and the Bible / _cJoseph M. Holden, Norman Geisler. |
| 300 |
_a417 pages : _billustrations ; _c24 cm |
||
| 700 | 1 |
_aGeisler, Norman L., _eeditor of compilation. |
|
| 942 |
_2lcc _cREF _n0 |
||
| 999 |
_c7152 _d7152 |
||